| 000 -LEADER |
| fixed length control field |
01995cam a2200397 a 4500 |
| 001 - CONTROL NUMBER |
| control field |
16030351 |
| 003 - CONTROL NUMBER IDENTIFIER |
| control field |
NUST |
| 005 - DATE AND TIME OF LATEST TRANSACTION |
| control field |
20170806190114.0 |
| 008 - FIXED-LENGTH DATA ELEMENTS--GENERAL INFORMATION |
| fixed length control field |
091221s2009 pk a b 000 0curd |
| 010 ## - LIBRARY OF CONGRESS CONTROL NUMBER |
| LC control number |
2009361650 |
| 020 ## - INTERNATIONAL STANDARD BOOK NUMBER |
| International Standard Book Number |
9789693703351 |
| 025 ## - OVERSEAS ACQUISITION NUMBER |
| Overseas acquisition number |
P-U-2009361650; 14 |
| 040 ## - CATALOGING SOURCE |
| Original cataloging agency |
DLC |
| Transcribing agency |
DLC |
| Modifying agency |
DLC |
| 041 0# - LANGUAGE CODE |
| Language code of text/sound track or separate title |
urd |
| -- |
eng |
| 042 ## - AUTHENTICATION CODE |
| Authentication code |
lcode |
| -- |
pcc |
| 050 00 - LIBRARY OF CONGRESS CALL NUMBER |
| Classification number |
PN452 |
| Item number |
.I23 2009 |
| 066 ## - CHARACTER SETS PRESENT |
| Alternate G0 or G1 character set |
(3 |
| -- |
(4 |
| 082 ## - DEWEY DECIMAL CLASSIFICATION NUMBER |
| Classification number |
891.4393 |
| Author Mark |
IBA |
| 100 1# - MAIN ENTRY--PERSONAL NAME |
| Linkage |
880-01 |
| Personal name |
ʻIbād, Ṣafiyah. |
| 9 (RLIN) |
3770 |
| 245 10 - TITLE STATEMENT |
| Linkage |
880-02 |
| Title |
Rāg rut, k̲h̲vāhish-i marg aur tanhā phūl : |
| Remainder of title |
adībon̲ men̲ k̲h̲vudkushī ke muḥarrikāt : Urdū adab ke k̲h̲uṣūṣī ḥavāle se / |
| Statement of responsibility, etc. |
Ṣafiyah ʻIbād. |
| 260 ## - PUBLICATION, DISTRIBUTION, ETC. |
| Linkage |
880-03 |
| Place of publication, distribution, etc. |
Islāmābād : |
| Name of publisher, distributor, etc. |
Naishnal Buk Fāʼūḍishan, |
| Date of publication, distribution, etc. |
2009. |
| 300 ## - PHYSICAL DESCRIPTION |
| Extent |
xv, 383 p. : |
| Other physical details |
ill. ; |
| Dimensions |
26 cm. |
| 500 ## - GENERAL NOTE |
| General note |
Originally presented as the author's thesis (Ph. D)--National University of Modern Languages. |
| 504 ## - BIBLIOGRAPHY, ETC. NOTE |
| Bibliography, etc. note |
Includes bibliographical references (p. 368-383). |
| 520 ## - SUMMARY, ETC. |
| Summary, etc. |
Historical study of the causes of suicide in authors with special reference to Urdu poets; includes biographical sketches of authors who commit suicide or attempt for suicide. |
| 546 ## - LANGUAGE NOTE |
| Language note |
Urdu; some in English. |
| 650 #0 - SUBJECT ADDED ENTRY--TOPICAL TERM |
| Topical term or geographic name entry element |
Authors |
| General subdivision |
Suicidal behavior. |
| 9 (RLIN) |
3771 |
| 650 #0 - SUBJECT ADDED ENTRY--TOPICAL TERM |
| Topical term or geographic name entry element |
Poets, Urdu |
| General subdivision |
Suicidal behavior. |
| 9 (RLIN) |
3772 |
| 710 2# - ADDED ENTRY--CORPORATE NAME |
| Linkage |
880-04 |
| Corporate name or jurisdiction name as entry element |
National Book Foundation (Pakistan) |
| 9 (RLIN) |
1397 |
| 880 1# - ALTERNATE GRAPHIC REPRESENTATION |
| Linkage |
100-01/(3/r |
| Title |
عباد، صفيه. |
| 880 10 - ALTERNATE GRAPHIC REPRESENTATION |
| Linkage |
245-02/(3/r |
| Title |
راگ رت، خواهش مرگ اور تنها پھول : |
| b |
اديبوں ميں خودکشى کے محرکات : اردو ادب کے خصوصى حوالے سے / |
| c |
صفيه عباد. |
| 880 ## - ALTERNATE GRAPHIC REPRESENTATION |
| Linkage |
260-03/(3/r |
| Title |
اسلامآباد : |
| b |
نيشنل بک فاؤنڈيشن، |
| c |
2009. |
| 880 2# - ALTERNATE GRAPHIC REPRESENTATION |
| Linkage |
710-04/(3/r |
| Title |
نيشنل بک فاؤنڈيشن(Pakistan) |
| 906 ## - LOCAL DATA ELEMENT F, LDF (RLIN) |
| a |
7 |
| b |
cbc |
| c |
origode |
| d |
3 |
| e |
ncip |
| f |
20 |
| g |
y-nonroman |
| 942 ## - ADDED ENTRY ELEMENTS (KOHA) |
| Source of classification or shelving scheme |
|
| Koha item type |
Book |